00273pam a2200109 a 4500020000500000041000500005082000800010100001500018245006400033260005500097300001100152 c h bKAZ aKazami, A. aBusiness Policy And Strategic ManagementhTextual Documents aNew DelhibTata Mcgraw Hill Publishing Company Ltd aXI/619